Environmental engineering (Record no. 5357)

000 -LEADER
fixed length control field 00678nam a2200241 4500
001 - CONTROL NUMBER
control field 5357
003 - CONTROL NUMBER IDENTIFIER
control field BD-DhUET
008 - FIXED-LENGTH DATA ELEMENTS--GENERAL INFORMATION
fixed length control field 141126b xxu||||| |||| 00| 0 eng d
020 ## - INTERNATIONAL STANDARD BOOK NUMBER
International Standard Book Number 0071002316
040 ## - CATALOGING SOURCE
Transcribing agency 0
Modifying agency BD-DhUET
082 ## - DEWEY DECIMAL CLASSIFICATION NUMBER
Classification number 628
Item number PEA/1985
100 ## - MAIN ENTRY--PERSONAL NAME
Personal name Peavy, Howard S
245 ## - TITLE STATEMENT
Title Environmental engineering
250 ## - EDITION STATEMENT
Edition statement 1st ed.
260 ## - PUBLICATION, DISTRIBUTION, ETC. (IMPRINT)
Place of publication, distribution, etc. New york
Name of publisher, distributor, etc. McGraw-Hill
Date of publication, distribution, etc. 1985
300 ## - PHYSICAL DESCRIPTION
Extent xiv,699 p.+various paging
Other physical details ill.
490 ## - SERIES STATEMENT
Series statement McGraw-Hill series in water resources and environmental engineering
504 ## - BIBLIOGRAPHY, ETC. NOTE
Bibliography, etc Includes bibliographies
650 #0 - SUBJECT ADDED ENTRY--TOPICAL TERM
Topical term or geographic name as entry element Environmental engineering
700 ## - ADDED ENTRY--PERSONAL NAME
Personal name Rowe, Donald R.
700 ## - ADDED ENTRY--PERSONAL NAME
Personal name Tchobanoglous, George
942 ## - ADDED ENTRY ELEMENTS (KOHA)
Koha item type General Book
Holdings
Not for loan Price effective from Koha full call number Sublocation or collection (holding branch) Piece designation (barcode) Lost status Koha renewals Koha date last seen Koha issues (times borrowed) Copy number Withdrawn status Koha normalized classification for sorting Damaged status Koha item type Koha date last borrowed Source of classification or shelving scheme Location (home branch) Date acquired Shelving location
 2014-11-26628/PEA/1985Central Library, BUET81896  2024-09-0891 628PEA1985 General Book2023-12-10 Central Library, BUET2014-11-26Circulation section
 2014-11-26628/PEA/1985Central Library, BUET81895  2024-06-02102 628PEA1985 General Book2024-03-16 Central Library, BUET2014-11-26Circulation section
 2015-06-18628/PEA/1985Central Library, BUET88788  2015-06-18 3 628_000000000000000_PEA_1985 Reading Item  Central Library, BUET2015-06-18Reading section
 2015-06-18628/PEA/1985Central Library, BUET87579  2015-06-18 4 628_000000000000000_PEA_1985 Reading Item  Central Library, BUET2015-06-18Reading section
 2017-10-31628/PEA/1985Central Library, BUET81894  2021-11-1325 628_000000000000000_PEA_1985 General Book2020-03-16 Central Library, BUET1991-10-28Circulation section
 2024-12-01628 PEA/1985Central Library, BUET81847  2024-12-01 ক-৫১ 628_000000000000000_PEA_1985 Rental Item  Central Library, BUET1991-10-28Rental section
 2024-12-01628 PEA/1985Central Library, BUET81874  2024-12-01 ক-৭৮ 628_000000000000000_PEA_1985 Rental Item  Central Library, BUET1991-10-28Rental section
 2024-12-01628 PEA/1985Central Library, BUET81875  2024-12-01 ক-৭৯ 628_000000000000000_PEA_1985 Rental Item  Central Library, BUET1991-10-28Rental section
 2024-12-01628 PEA/1985Central Library, BUET81876  2024-12-01 ক-৮০ 628_000000000000000_PEA_1985 Rental Item  Central Library, BUET1991-10-28Rental section
 2024-12-01628 PEA/1985Central Library, BUET81877  2024-12-01 ক-৮১ 628_000000000000000_PEA_1985 Rental Item  Central Library, BUET1991-10-28Rental section
 2024-12-01628 PEA/1985Central Library, BUET81878  2024-12-01 ক-৮২ 628_000000000000000_PEA_1985 Rental Item  Central Library, BUET1991-10-28Rental section
 2024-12-01628 PEA/1985Central Library, BUET81879  2024-12-01 ক-৮৩ 628_000000000000000_PEA_1985 Rental Item  Central Library, BUET1991-10-28Rental section
 2024-12-01628 PEA/1985Central Library, BUET81880  2024-12-01 ক-৮৪ 628_000000000000000_PEA_1985 Rental Item  Central Library, BUET1991-10-28Rental section
 2024-12-01628 PEA/1985Central Library, BUET81881  2024-12-01 ক-৮৫ 628_000000000000000_PEA_1985 Rental Item  Central Library, BUET1991-10-28Rental section
 2024-12-01628 PEA/1985Central Library, BUET81882  2024-12-01 ক-৮৬ 628_000000000000000_PEA_1985 Rental Item  Central Library, BUET1991-10-28Rental section
 2024-12-01628 PEA/1985Central Library, BUET81883  2024-12-01 ক-৮৭ 628_000000000000000_PEA_1985 Rental Item  Central Library, BUET1991-10-28Rental section
 2024-12-01628 PEA/1985Central Library, BUET81884  2024-12-01 ক-৮৭ 628_000000000000000_PEA_1985 Rental Item  Central Library, BUET1991-10-28Rental section